000 01050nam a22002417a 4500
005 20090924103748.0
008 090518t xxu||||| |||| 00| 0 eng d
010 _aB-358743
020 _c120.00
035 _aB-358743
037 _bGalgotia Publications
040 _adpl
_bEnglish
082 _a006.6
100 _aHillman, David
245 _aMultimedia technology and applications /
_cby David Hillman
260 _aNew Delhi
_bGalgotia Publications
_c2009(repr.)
270 _a5, Ansari Road, Darya Ganj
_bNew Delhi
_cDelhi
_e110002
300 _axiv, 274p.
_c25cm. (pbk)
500 _aIncludes glossary & index
942 _adpl
_cEN
_2ddc
_h006.6
_mHIL
999 _c30636
_d30636